000 00674cam a22002172 4500
001 0000019724
005 20151217145919.0
008 110122s xx 000 0 eng d
020 _a9966466541 :
040 _aKABU
_cKABU
245 1 0 _aAfrica from the seventh to the eleventh century /
_ceditor I. Hrbek.
250 _aabridged ed.
260 _aNairobi :
_bE. A. E. P.,
_c1992.
300 _axviii, 398 p.
490 0 _aGeneral history of Africa ;
_vIII
651 0 _aAfrica
_xHstory
_y7th to11th Century.
_@0000179633
700 1 _aHrbek, I.
_@0000179634
852 1 _96980 KES
908 _a110122
950 _@1
999 _c4004
_d4004